| 000 | 01130nam a2200265Ia 4500 | ||
|---|---|---|---|
| 003 | OSt | ||
| 005 | 20221005104134.0 | ||
| 006 | a|||||r|||| 00| 0 | ||
| 007 | ta | ||
| 008 | 221004b |||||||| |||| 00| 0 hin d | ||
| 020 |
_a9788192004907 (hbk) _c2590 |
||
| 024 | _a15918 | ||
| 037 |
_bBL172, 07/01/2015, K. K. Publications _cTextual |
||
| 040 |
_aCRL _cCRL _bhin |
||
| 041 |
_2hin _ahin |
||
| 082 | _aO152,3:g(W691), Q2 | ||
| 100 | _aसुरेश गौतम | ||
| 245 | 0 |
_aमार्क्स प्रेमचंद, प्रसाद, मुक्तिबोध _b वामपंथी नरककुंड, आदमखोर यथार्थ |
|
| 246 | _aMārksa premachanda, prasāda, muktibodha: vāmapanthī narakakuanḍa, ādamakhor yathārtha | ||
| 260 |
_aदिल्ली _bदिव्यम् प्रकाशन भारत _c2012 |
||
| 300 |
_a508पृ0 _ccm. |
||
| 650 | _aहिन्दी साहित्य | ||
| 942 |
_hO152,3:g(W691), Q2 _cTEXL _2cc |
||
| 999 |
_c1011838 _d1011838 |
||